000 01593nam a2200493 i 4500
001 55409
003 KOSZ 005
005 20220928135517.0
008 120109s2008 pl a f |000 0 pol
015 _aUWD 2012/3129
020 _a9788375560305
035 _a991008968189705066
035 _a(PL-WaBN)b26992887-48omnis_nlop
035 _ab26992887
035 _a(OCoLC)749756737
035 _axx001099691
035 _a(PL)b0000002699288
035 _a(EXLNZ-48OMNIS_NETWORK)9910275986005606
040 _aWA N
_cWA N
_dKOSZ 005/HR
046 _k2008
080 _a336.71(4)
080 _a336.71(438)
080 _a368.03(4)
080 _a368.03(438)
100 1 _aSwacha-Lech, Magdalena
_eAutor
245 1 0 _aBancassurance :
_bsprzedaż produktów bankowo-ubezpieczeniowych /
_cMagdalena Swacha-Lech.
260 _aWarszawa :
_bCeDeWu Wydawnictwa Fachowe,
_c2008.
300 _a232 s. :
_bil. ;
_c24 cm.
336 _aTekst
_btxt
_2rdacontent
337 _aBez urządzenia pośredniczącego
_bn
_2rdamedia
338 _aWolumin
_bnc
_2rdacarrier
380 _aKsiążki
388 _a2001-
504 _aBibliogr. s. 223-232, wykaz aktów prawnych s. 229-231.
650 7 _aBancassurance
_2DBN
650 7 _aUbezpieczenia osobowe
_2DBN
651 7 _aEuropa
651 7 _aPolska
658 _aGospodarka, ekonomia, finanse
710 2 _aCeDeWu
_4pbl
856 _uhttp://koha.tu.koszalin.pl/cgi-bin/koha/opac-detail.pl?biblionumber=55409
_yKatalog online BPK
942 _2UKD
_cKS
999 _c55409
_d55409